Great Chefs Magazine : vol. 2, Issue 2 /

Guardado en:
Detalles Bibliográficos
Otros autores: Lacy, Steve (edición) (edición)
Formato: Libro
Idioma:Inglés
Publicado: Nueva Orleans, EUA : Great Chefs Magazine, 2003, c2003
Etiquetas: Agrega una etiqueta
Sin etiquetas, Sé el primero en etiquetar este registro!

MARC

LEADER 00000nam^a2200000^a^4500
001 000597150
005 20250521000000.0
009 20260310133121.065
037 |a Acervo ITESO - Biblioteca 
041 |a ING 
091 |a FCR. 02287 
240 1 1 |a [Great Chefs Magazine] 
245 0 0 |a Great Chefs Magazine :  |b vol. 2, Issue 2 / 
264 4 |a Nueva Orleans, EUA :  |b Great Chefs Magazine,  |c 2003, c2003 
300 |a 111 p. 
336 |a texto  |b txt  |2 rdacontenido 
337 |a sin mediación  |b n  |2 rdamedio 
338 |a volumen  |b nc  |2 rdasoporte 
649 |a XX 
700 |a Lacy, Steve  |e (edición) 
910 |a Fondo Cristina Romo Gil 
920 |a Impresos - Libros 
930 |a Fondos Especiales 
905 |a 143 
901 |a 597310-10  |b IT2  |c ESP  |i D122688  |u 20250521 
902 |a https://opac.biblio.iteso.mx/vufind/Record/000597150